Notes from the United Nations

Bibliographic Details
Main Author: Abdullah Ahmad, Tan Sri Dato'
Format: Book
Published: Selangor : Times Edition , 2005
Subjects:

MARC

LEADER 00000cam a2200000 7i4500
001 0000015211
005 20080319.0
008 080319
020 |a 9835809607 
090 0 0 |a 959.5   |b ABD 
100 0 |a Abdullah Ahmad, Tan Sri Dato' 
245 1 0 |a Notes from the United Nations   |c Abdullah Ahmad 
260 |a Selangor :   |b Times Edition ,   |c 2005 
650 0 |a Abdullah Ahmad, Tan Sri Dato'   |x Anecdotes 
650 0 |a Malaysia   |x Foreign relations 
650 0 |a Malaysia   |x Politics and goverment 
999 |a 0001016732   |b Book   |c Adult Collection   |e Perbadanan Perpustakaan Awam Johor 
999 |a 0001018784   |b Book   |c Adult Collection   |e Perbadanan Perpustakaan Awam Johor